Пути совершенствования технологии кирпичных заводов: городская научно-техническая конференция по строительству, июль 1958 г. г. Омск

Dades bibliogràfiques
Autor principal: Погребинский Г. М.
Autor corporatiu: Пути совершенствования технологии кирпичных заводов городская научно-техническая конференция
Idioma:rus
Publicat: Омск, Омская правда, 1958
Matèries:
Format: MixedMaterials Llibre
KOHA link:https://koha.lib.tpu.ru/cgi-bin/koha/opac-detail.pl?biblionumber=135703

MARC

LEADER 00000nam0a2200000 4500
001 135703
005 20231031140208.0
035 |a (RuTPU)RU\TPU\book\147066 
090 |a 135703 
100 |a 20080414d1958 m y0rusy50 ca 
101 0 |a rus 
102 |a RU 
105 |a y z 100zy 
200 1 |a Пути совершенствования технологии кирпичных заводов  |e городская научно-техническая конференция по строительству, июль 1958 г. г. Омск  |f Г. М. Погребинский 
210 |a Омск  |c Омская правда  |d 1958 
215 |a 10 с. 
610 1 |a кирпичное производство 
610 1 |a сырье 
610 1 |a технология 
675 |a 666.71(063)  |v 3 
700 1 |a Погребинский  |b Г. М. 
712 0 2 |a Пути совершенствования технологии кирпичных заводов  |b городская научно-техническая конференция  |e Омск  |f 1958 
801 1 |a RU  |b 63413507  |c 20080414  |g PSBO 
801 2 |a RU  |b 63413507  |c 20081224  |g PSBO 
942 |c BK